书目信息 |
| 题名: |
艺术课堂
|
|
| 作者: | 胡明刚 , 徐欣 编译 | |
| 分册: | ||
| 出版信息: | 北京 世界知识出版社 2004 |
|
| 页数: | 203页 | |
| 开本: | 23cm | |
| 丛书名: | ||
| 单 册: | ||
| 中图分类: | J110.9 | |
| 科图分类: | ||
| 主题词: | 美术史--mei shu shi--西方国家 | |
| 电子资源: | ||
| ISBN: | 7-5012-2406-4 | |
| 000 | 00741nam0 2200253 450 | |
| 001 | CAL 012004132193 | |
| 005 | 20061121111947.65 | |
| 010 | @a7-5012-2406-4@dCNY 36.00 | |
| 099 | @aCAL 012004132193 | |
| 100 | @a20041201d2004 em y0chiy0121 ea | |
| 101 | 0 | @achi |
| 102 | @aCN@b110000 | |
| 105 | @aa z 000yy | |
| 200 | 1 | @a艺术课堂@AYi Shu Ke Tang@f胡明刚,徐欣编译@Fhu ming gang,xu xin bian yi |
| 210 | @a北京@c世界知识出版社@d2004 | |
| 215 | @a203页@c图 (部分彩图)@d23cm | |
| 300 | @a关于西方艺术美学的完全读本 | |
| 606 | 0 | @a美术史@Amei shu shi@y西方国家 |
| 690 | @aJ110.9@v4 | |
| 701 | 0 | @a胡明刚@AHu Ming Gang@4编译 |
| 701 | 0 | @a徐欣@AXu Xin@4编译 |
| 801 | @aCN@c20061121 | |
| 905 | @a10447@dJ110.9@eH491 | |
| 998 | @aCCNU | |
| 艺术课堂/胡明刚,徐欣编译.-北京:世界知识出版社,2004 |
| 203页:图 (部分彩图);23cm |
| 关于西方艺术美学的完全读本 |
| ISBN 7-5012-2406-4:CNY 36.00 |
| ● |
| 相关链接 |
|
|
|
正题名:艺术课堂
索取号:J110.9/H491
 
预约/预借
| 序号 | 登录号 | 条形码 | 馆藏地/架位号 | 状态 | 备注 |
| 1 | 613650 | 206136509 | 自科二线404/404自科库 4排2列1层/ [索取号:J110.9/H491] | 在馆 | |
| 2 | 613651 | 206136518 | 社科库309/309社科库 65排2列6层/ [索取号:J110.9/H491] | 在馆 | |
| 3 | 613652 | 206136527 | 社科库309/309社科库 65排2列6层/ [索取号:J110.9/H491] | 在馆 |